Loading...
| Current Events | 2 | 15.00 | 100% | 50% | 0% |
| Fine Arts - Classical Music | 4 | 12.50 | 50% | 50% | 25% |
| Fine Arts - Other Fine Arts | 6 | 20.00 | 100% | 67% | 33% |
| Geography | 1 | 20.00 | 100% | 100% | 0% |
| History - American History | 3 | 10.00 | 67% | 33% | 0% |
| History - European History | 4 | 17.50 | 100% | 75% | 0% |
| History - Other History | 5 | 18.00 | 100% | 60% | 20% |
| History - World History | 4 | 15.00 | 100% | 50% | 0% |
| Literature - American Literature | 5 | 18.00 | 100% | 60% | 20% |
| Literature - British Literature | 4 | 10.00 | 75% | 25% | 0% |
| Literature - European Literature | 5 | 20.00 | 100% | 100% | 0% |
| Literature - World Literature | 5 | 16.00 | 100% | 40% | 20% |
| Mythology | 3 | 20.00 | 100% | 67% | 33% |
| Painting/Sculpture | 3 | 13.33 | 100% | 33% | 0% |
| Philosophy | 5 | 20.00 | 100% | 80% | 20% |
| Pop Culture | 2 | 15.00 | 100% | 50% | 0% |
| Religion | 6 | 16.67 | 83% | 50% | 33% |
| Science - Biology | 3 | 13.33 | 100% | 33% | 0% |
| Science - Chemistry | 5 | 18.00 | 100% | 60% | 20% |
| Science - Other Science | 5 | 16.00 | 100% | 60% | 0% |
| Science - Physics | 4 | 22.50 | 100% | 100% | 25% |
| Social Science | 4 | 15.00 | 100% | 50% | 0% |